Southville International School and Colleges
Your cart is empty.
  • Cart
  • Lists
    Public lists list_1 View all
    Your lists Log in to create your own lists
  • Log in to your account
  • Your cookies
  • Search history
Southville International School and Colleges
  • Advanced search
  • Recent comments
  • Most popular
  • Libraries

Log in to your account

Log in with GOOGLE


If you do not have an external account, but do have a local account, you can still log in:

  1. Home
  2. MARC view: The story of my life :
Normal view MARC view ISBD view

The story of my life : (Record no. 8830)

[ view plain ]
MARC details
000 -LEADER
fixed length control field 00980cam a2200325 a 4500
001 - CONTROL NUMBER
control field 4827474
003 - CONTROL NUMBER IDENTIFIER
control field SISC
005 - DATE AND TIME OF LATEST TRANSACTION
control field 20160404105819.0
008 - FIXED-LENGTH DATA ELEMENTS--GENERAL INFORMATION
fixed length control field 900131s1988 ctuaf 001 0aeng
010 ## - LIBRARY OF CONGRESS CONTROL NUMBER
LC control number 89202392
020 ## - INTERNATIONAL STANDARD BOOK NUMBER
International Standard Book Number 0553213873
040 ## - CATALOGING SOURCE
Original cataloging agency DLC
Transcribing agency DLC
Modifying agency DLC
043 ## - GEOGRAPHIC AREA CODE
Geographic area code n-us---
050 00 - LIBRARY OF CONGRESS CALL NUMBER
Classification number HV 1624
Item number .K29 1990
082 00 - DEWEY DECIMAL CLASSIFICATION NUMBER
Classification number HS 920.5
Item number K28 1990
100 1# - MAIN ENTRY--PERSONAL NAME
Personal name Keller, Helen,
Dates associated with a name 1880-1968.
9 (RLIN) 11396
245 14 - TITLE STATEMENT
Title The story of my life :
Statement of responsibility, etc Helen Keller ; with a foreword by Mervin D. Garretson.
250 ## - EDITION STATEMENT
Edition statement Collector's ed.
260 ## - PUBLICATION, DISTRIBUTION, ETC. (IMPRINT)
Place of publication, distribution, etc Norwalk, Conn. :
Name of publisher, distributor, etc Easton Press,
Date of publication, distribution, etc c1990.
300 ## - PHYSICAL DESCRIPTION
Extent 225 p. :
Dimensions 18 cm.
562 ## - COPY AND VERSION IDENTIFICATION NOTE
Number of copies For circulation. Four copies available in the collection.
600 10 - SUBJECT ADDED ENTRY--PERSONAL NAME
Personal name Keller, Helen,
Dates associated with a name 1880-1968.
9 (RLIN) 11397
650 #0 - SUBJECT ADDED ENTRY--TOPICAL TERM
Topical term or geographic name as entry element Deafblind women
Geographic subdivision United States
Form subdivision Biography.
9 (RLIN) 11398
906 ## - LOCAL DATA ELEMENT F, LDF (RLIN)
a 7
b cbc
c orignew
d 2
e ncip
f 19
g y-gencatlg
942 ## - ADDED ENTRY ELEMENTS (KOHA)
Source of classification or shelving scheme Library of Congress Classification
Koha item type Books
Holdings
Withdrawn status Lost status Source of classification or shelving scheme Damaged status Home library Current library Shelving location Date acquired Total Checkouts Full call number Barcode Date last seen Copy number Price effective from Koha item type Date checked out
    Library of Congress Classification   Luxembourg Library Luxembourg Library   08/16/2013   HV 1624 .K29 1988 14197 04/04/2016 1 08/16/2013 Books  
    Library of Congress Classification   Luxembourg Library Luxembourg Library   08/16/2013 1 HV 1624 .K29 1988 18232 06/10/2017 2 08/16/2013 Books 05/19/2017
    Library of Congress Classification   Luxembourg Library Luxembourg Library   09/18/2013   HV 1624 .K29 1990 14198 04/04/2016 3 09/18/2013 Books  

The story of my life :

APA

Keller H., . (1990). The story of my life. Norwalk, Conn: Easton Press.

Chicago

Keller Helen, . 1990. The story of my life. Norwalk, Conn: Easton Press.

Harvard

Keller H., . (1990). The story of my life. Norwalk, Conn: Easton Press.

MLA

Keller Helen, . The story of my life. Norwalk, Conn: Easton Press. 1990.

  • Place hold
  • Print
  • Cite
  • Add to your cart (remove)
  • Save record
    BIBTEX Dublin Core MARCXML MARC (non-Unicode/MARC-8) MARC (Unicode/UTF-8) MARC (Unicode/UTF-8, Standard) MODS (XML) RIS
  • More searches
    Search for this title in:
    Other Libraries (WorldCat) Other Databases (Google Scholar) Online Stores (Bookfinder.com) Open Library (openlibrary.org)

Exporting to Dublin Core...

SOUTHVILLE LIBRARY

Southville International School and Colleges Library

1281 Tropical Ave. Cor. Luxembourg St., BF Homes International, Las Pinas City

Tel. No. 8256374 / 252358 Loc. 117/146

Powered by Koha